Statistics for Fly between Largest Lakes by Continent: from Caspian Sea to Lake Eyre

Click here to take the quiz!

General Stats

  • This quiz has been taken 29 times
  • The average score is 21 of 46

Answer Stats

ANSWER% Correct
Russia
91%
Norway
86%
Sweden
86%
Finland
82%
Reach Lake {Superior} in {North America}
77%
Reach Lake {Victoria} in {Africa}
77%
Canada
73%
Denmark (Greenland)
73%
Portugal
73%
Spain
73%
Algeria
68%
Libya
64%
Uganda
64%
Chad
55%
Niger
55%
South Sudan
55%
Sudan
55%
Turkey
55%
DR Congo
50%
Ethiopia
45%
Russia
45%
Russia
45%
Cyprus
41%
Egypt
41%
Reach Lake {Ladoga} in {Europe}
41%
South Sudan
41%
South Sudan
41%
Sudan
41%
Ukraine
41%
Belarus
36%
Reach Lake {Titicaca} in {South America}
36%
Russia
36%
Australia
32%
Ukraine
32%
Georgia
23%
Argentina
18%
Chile
18%
Iraq
18%
Peru
18%
Turkey
18%
Bolivia
14%
Chile
14%
Saudi Arabia
14%
Somalia
14%
Yemen
14%
Reach Lake {Vostok} in {Antarctica}
9%

Score Distribution

Percentile by Number Answered

Percent of People with Each Score

Your Score History

You have not taken this quiz